FOOTBALL - Compositions 7-1 Allemagne vs Brésil CDM 2014 - Statistiques

Statistiques générales
  • Ce quiz a été pris 73 fois
  • Le résultat moyen est 18 sur 30
Statistiques - réponses
Equipe Poste Nom % Correct
Allemagne Gardien de but Manuel Neuer
99%
Brésil Latéral gauche Marcelo
90%
Allemagne Buteur Miroslav Klose
90%
Brésil Défenseur central David Luiz
87%
Allemagne Latéral droit Philippe Lahm
87%
Brésil Milieu offensif central Oscar
86%
Allemagne Défenseur central Jérôme Boateng
84%
Allemagne Milieu droit Thomas Müller
84%
Brésil Gardien de But Júlio César
83%
Allemagne Défenseur central Mats Hummels
83%
Allemagne COACH Joachim Löw
77%
Allemagne Milieu défensif central Sami Khedira
77%
Allemagne Milieu offensif central Toni Kroos
72%
Brésil Buteur Fred
70%
Allemagne Milieu gauche Mesut Özil
68%
Allemagne Remplaçant (Attaquant) André Schürrle
67%
Allemagne Milieu défensif central Bastian Schweinsteiger
61%
Brésil Milieu droit Hulk
54%
Allemagne Latéral droit Benedikt Höwedes
49%
Brésil Milieu défensif central Luis Gustavo
49%
Brésil Défenseur central Dante
45%
Brésil Milieu défensif central Fernandinho
41%
Brésil Remplaçant (Attaquant) Willian
38%
Brésil COACH Luiz Felipe Scolari
30%
Brésil Milieu gauche Bernard
29%
Brésil Latéral droit Maicon
28%
Brésil Remplaçant (Milieu) Ramires
23%
Brésil Remplaçant (Milieu) Paulinho
20%
Allemagne Remplaçant (Défenseur) Per Mertesacker
19%
Allemagne Remplaçant (Milieu) Julian Draxler
17%
Aucun quiz correspondant
Distribution des résultats
% des personnes avec chaque résultat
Percentile par nombre de réponses
Votre historique - résultats
Vous n’avez pas pris ce quiz